[Event "Oregon Senior Open"]
[Site "Portland, OR"]
[Date "2023.05.06"]
[Round "3"]
[White "Gibbins, Wilson"]
[Black "Katz, Stewart"]
[Result "1-0"]
[WhiteElo "2221"]
[BlackElo "1840"]
[Annotator "Wilson Gibbins"]
[PlyCount "125"]
[EventDate "2023.05.05"]
[EventType "swiss"]
[EventRounds "5"]

{[%evp 0,9,39,-9,-18,-12,-5,-49,-33,-22,-30,-17]} 1. c4 e5 2. Nc3 Nc6 3. g3 Nf6
4. Bg2 Bc5 5. Nf3 d6 6. O-O O-O 7. d3 h6 8. e3 {Not the official book move,
but it looks natural to me, and the engines say it is no worse than the
alternatives.} ({Marin and popularity contests vote for} 8. a3) 8... Bg4 9. h3
Bd7 10. a3 a5 11. b3 Re8 12. Qc2 Qc8 13. Kh2 Ba7 14. Bb2 Ne7 15. Rad1 c6 16. d4
{Thematic, trying to blunt the diagonal of Black's bishop on a7.} ({Stockfish
notices} 16. Ne4 $14 {as after} Nxe4 17. dxe4 {Black has a backward pawn on d6.
It isn't indefensible, but it is an extra burden.}) 16... Ng6 ({For you fans
of crazy engine lines} 16... e4 $5 17. Nxe4 Nxe4 18. Qxe4 Bf5 19. Qh4 Bc2 20.
Rc1 Nf5 (20... Bxb3 21. Nd2 $14) 21. Qf4 Re4 22. Rxc2 Rxf4 23. exf4 $14 {
is the kind of line you are fans of.}) 17. e4 $6 ({It is time to release the
pawn tension.} 17. dxe5 dxe5 18. Nd2 Bf5 19. Nde4 $14 {The square d6 is a
little weak.}) 17... Bb8 $2 (17... b5 $1 $11) 18. Rfe1 ({Yet again, I miss my
chance to release the pawn tension favorably.} 18. dxe5 dxe5 19. Na4 $14) 18...
Bc7 (18... b5 {is still best, but it isn't quite as strong as on the previous
move} {Stockfish recommends} 19. Nb1 $5 {mitigating Black's threat to push
b5-b4, and finding a new square for the knight.} Bc7 20. Nbd2 $14) 19. Bc1 Be6
$6 20. d5 {And now we reach a King's Indian pawn structure. Is it better to
have the King's Indian dark squared bishop on g7 or c7? It might be strong on
c7, as it might get to the attacking diagonal a7-g1. It might get exchanged
for White's good dark squared bishop, a positional plus. At least it will help
defend invasion squares on the queenside. But Stockfish and I are happy with
White's space advantage.} cxd5 21. cxd5 Bd7 22. Be3 Qd8 {threatening to play
Bc7-b6 and exchange White's good bishop.} 23. Rc1 Rc8 24. Qd3 Bb6 {Mission
accomplished.} 25. Nd2 Bc7 {changing his mind. Perhaps the move 25.Nd2 made
him worry about the weak b6 square.} 26. Rc2 Rf8 {The King’s Indian pawn
structure encourages him to try a King’s Indian style kingside attack. But
surely my queenside attack puts me ahead in the race, doesn't it? Keep
watching to find out.} 27. Rec1 Ne8 28. Nb5 Bb8 29. Rxc8 Bxc8 30. Nc4 {The
minor pieces are walking in on the b5 and b6 squares. The pawn on a5 is of
historical interest only.} Bd7 31. Bb6 {The bishop can attack on the queenside
and defend key kingside squares simultaneously. The a7-g1 diagonal is valuable
to both sides.} Qf6 32. Nxa5 $2 {Here we have the stupid python munching on a
pawn, oblivious to the alligator about to bite back. Black gets a favorable
King's Indian style counter-attack, more than just cheapo potential.} (32. a4 {
is better, securing one of my loose pieces. In the game continuation my queen
will be stretched between trying to defend both my king and my loose pieces on
the queenside.}) 32... Nf4 $1 {I didn't see this shot when I first started my
minor-piece siege of the a-pawn, but I did see it coming a move or two before
he played it. So I didn't look shocked when the move appeared on the board,
and could respond confidently.} 33. Qf1 $2 {Maybe it would have been better to
have been surprised, as I might have thought a little more on this move.} (33.
Qf3 $16 Bxb5 (33... Nxg2 34. Qxf6 Nxf6 35. Nc3 $1 $16) 34. gxf4 exf4 35. Rc8
$18) 33... Nxg2 $11 {Normally I would be happy to get rid of my bad
light-squared bishop. But with a kingside storm brewing, I would prefer to
have another defensive piece near my king. I don't expect much help from
either of my knights in the near future.} 34. Kxg2 Qg6 35. Nc3 Nf6 36. Qe2 Nh5
37. Kh2 f5 38. Rg1 Qf7 (38... fxe4 $1 {opens the light squares around the
kingside and weakens White's d-pawn. I get the e4 square for the knight, but
Black's light-squared bishop is swooping in, ready to harass my king.} 39. Nxe4
Qf5 40. Qg4 Qf7 41. Qe2 {and Black can grab a draw by repetition with} Qf5 ({
or play on with} 41... Bf5)) 39. Qd3 ({The cold-blooded Stockfish likes} 39.
Nxb7 $16) (39. Nc4 fxe4 40. Nxe4 {is OK for White, but no winning advantage.})
(39. f3 fxe4 40. fxe4 Qf3 {looked like trouble over the board, but Stockfish
says equal.}) 39... f4 $2 (39... fxe4 40. Nxe4 Bf5 {is unclear, but I'd rather
be Black. This seems like the kind of position King's Indian players live for.
Oh, I forgot - this didn't start as a King's Indian.}) 40. g4 {There is still
plenty of chess to be played, but I am back in control.} Nf6 41. Nc4 h5 42. f3
(42. g5 {is a little better than what I played}) 42... Qg6 43. g5 Nh7 44. h4
Bc8 {Clever. Black will try to sneak his queen in to h3.} 45. Qf1 Qe8 46. a4
Qd7 47. Qg2 {I thought I could hold off his attack on the kingside. But I
worried that White is too tied down to the defense of his King to create any
winning chances.} Re8 48. Rh1 Nf8 49. Kg1 {I am starting to feel better - the
rook can cover the h3 invasion square and the pawn on h4. Normally rooks are
not great defensive pieces, but this one is earning its keep.} Ng6 50. Qh2 Bc7
51. Qf2 Qd8 52. Bxc7 Qxc7 53. Nb5 Qd7 54. Nbxd6 Rd8 55. Qb6 Ne7 56. Kg2 Ng6 $2
57. Nxc8 Rxc8 58. Qxg6 Rxc4 59. bxc4 Qxa4 60. Qe6+ Kh7 61. g6+ Kh6 62. Qxe5 (
62. Qf5 {and White will checkmate with Qf5-g5}) 62... Qc2+ 63. Kh3 1-0

[Event "Oregon Senior Open"]
[Site "Portland, OR"]
[Date "2023.05.07"]
[Round "5"]
[White "Gibbins, Wilson"]
[Black "Heywood, Bill"]
[Result "1/2-1/2"]
[WhiteElo "2221"]
[BlackElo "2000"]
[Annotator "Wilson Gibbins"]
[PlyCount "72"]
[EventDate "2023.05.05"]
[EventType "swiss"]
[EventRounds "5"]

{[%evp 0,72,19,-12,11,14,15,-3,-16,-40,18,28,31,30,26,23,61,52,64,54,26,23,37,
25,73,41,72,43,47,52,62,75,104,83,77,77,67,57,97,53,27,33,-1,-1,88,92,83,92,92,
69,75,65,101,114,146,144,144,125,111,118,122,105,139,140,162,175,196,169,169,
47,46,50,50,44,42] I have 4 points, Bill has 3.5, nobody else has more than 3.
I need only a draw to win the tournament and qualify for the Irwin.} 1. c4 c5
2. Nf3 Nc6 3. d4 cxd4 4. Nxd4 g6 5. e4 Bg7 6. Be3 Nf6 7. Nc3 {I was happy to
reach a position that I had a lot of experience with and knew many of the
tricks that Black might try. But I had forgotten that most of my games in this
line run as follows: 1. I get an advantage   2. I overextend and get into
trouble   3. My opponent gets a lot of counterplay, often based on playing the
f7-f5 break.   4. I somehow find a way to struggle back to a draw. That script
provides more drama than I want at this point, but it will achieve the goal.}
Qa5 8. Nb3 Qd8 9. Be2 O-O 10. O-O d6 11. f3 Bd7 12. Qd2 Rc8 13. Rac1 b6 14. Nd5
({Stockfish playfully suggests} 14. Na1 {as c2 is a better square for the
knight than b3, confirming that Bill's 7...Qa5 move, luring the knight to b3
had merit.}) 14... e6 {Surprisingly enough, Stockfish agrees with Bill that
Black's best move is to sacrifice the d-pawn for a little compensation.} 15.
Nxf6+ {Grabbing the pawn on d6 keeps an advantage for White.} Qxf6 16. Rc2 Qe7
17. Rd1 Rfd8 18. Qxd6 Qe8 19. Qg3 $2 {I had played the opening quickly and had
not really engaged by brain yet. The queen isn't in danger yet, but I was
trying to avoid accidents. I wasn't worried, as I thougth most of Black's
pieces are passively placed, especially the bishop on d7. Once again, the
stupid python is munching on a pawn, oblivious to the threat of the alligator
biting back.} (19. Qa3 {keeps the knight off b4, but feels like it risks
trapping my queen with a later Bg7-f8 by Black. It doesn't win the queen yet.}
Bf8 20. c5 {feels a little awkward for White but is still OK according to
Stockfish.}) (19. Rcd2 {is the most practical move, keeping the Nc6-b4 move
from gaining time on the rook on c2.} Bf8 20. Qg3 Bb4 21. Rc2 e5 {Black has
some play for his pawn.}) 19... Nb4 $1 {Chomp!} 20. Rcd2 Ba4 $1 {and Black
threatens Nxa2. Stockfish says equal, but White has to be careful.} 21. Qh4 {
I was happy to find this move - it mostly holds the balance. One of my
problems is defending the pawn on b2. Black will have to temporarily concede
the d-file or block the bishop's attack on b2.} ({Stockfish says} 21. Qg5 {
is a slightly more accurate version of White's idea}) 21... f6 (21... Rxd2 22.
Rxd2 Nxa2 23. Nd4 {is roughly equal, which I consider an achievement after my
shaky 19.Qg3 move.}) 22. Rxd8 (22. e5 $5) 22... Rxd8 23. Rxd8 Qxd8 24. Nd4 Qd6
25. a3 {I have weasled out of my problems.} Na6 26. b4 $16 f5 $6 {weakening,
but a good try to confuse the issue.} 27. exf5 exf5 28. Nb5 ({I didn't see that
} 28. c5 bxc5 29. Ne6 {is winning for White.} Qxe6 $2 30. Bc4) 28... Bxb5 29.
cxb5 Nc7 30. Qc4+ Ne6 31. Qc6 {This move is correct, but I regretted it after
making it. My bishops had been doing a great job defending all the entry
squares for White's queen that I hadn't noticed that they were a little
exposed after trading pawns on the e-file.} Qe5 32. Qe8+ Bf8 33. Kf2 f4 34. Bd2
$5 {Loses the advantage but wins the tournament.} (34. Bc1 $1 $16) (34. Bxf4
Qxf4 35. Qxe6+ Kg7 36. g3) 34... Qd4+ 35. Ke1 Qa1+ 36. Kf2 Qd4+ {and Bill made
me the offer of a draw and a trip to the 2023 Irwin} 1/2-1/2

[Event "Oregon Senior Open"]
[Site "Portland, OR"]
[Date "2023.05.07"]
[Round "4"]
[White "Katz, Stewart"]
[Black "Burris, Chris"]
[Result "1-0"]
[WhiteElo "1840"]
[BlackElo "1686"]
[Annotator "Stewart Katz"]
[PlyCount "80"]
[EventDate "2023.05.05"]
[EventType "swiss"]
[EventRounds "5"]

{[%evp 0,80,19,31,72,53,70,33,88,69,58,44,27,20,2,2,3,30,27,9,53,32,59,14,60,
64,51,40,26,34,80,88,82,84,78,84,79,62,90,69,108,95,87,21,93,121,113,113,251,
107,104,98,101,90,141,130,125,145,141,124,129,124,124,124,137,95,197,120,123,
95,103,96,178,114,211,123,141,242,356,352,463,463,482]} 1. e4 c5 2. Nf3 a6 3.
g3 g6 4. d4 cxd4 5. Qxd4 Nf6 6. e5 Nc6 7. Qf4 Nd5 8. Qe4 e6 9. c4 Nde7 10. Nc3
Bg7 11. Bg2 O-O 12. O-O d6 13. Bf4 dxe5 14. Nxe5 Nxe5 15. Bxe5 Nc6 16. Bxg7
Kxg7 17. Rfd1 Qc7 18. b3 Bd7 19. Qe3 Rfd8 20. Ne4 Be8 21. Qc3+ (21. c5 $140 {
Nd6}) 21... Qe5 22. Qxe5+ Nxe5 23. Nd6 Rd7 24. Nxe8+ $5 {I can't explain just
not picking up the b7 pawn immediately. Not as though the bishop on e8 is
well-placed.} Rxe8 25. Rxd7 Nxd7 26. Bxb7 Re7 $2 (26... Nc5 27. Bf3) 27. Bxa6
Nc5 28. Bb5 Ra7 29. b4 $2 {Much better was Rb1 keeping the passed pawns
connected. Black can go ahead and pickup the a and f pawns,} Nd3 30. a4 Nxb4
31. c5 Nd5 32. c6 Nc3 33. Kg2 Kf6 34. Ra3 Nd5 35. Rd3 Nb6 36. Kf3 h5 37. Ke3 g5
38. Kd4 e5+ 39. Kc5 Nxa4+ 40. Bxa4 Rxa4 1-0

[Event "Idaho Open"]
[Site "Pocatello, ID"]
[Date "2023.05.13"]
[Round "5"]
[White "McKenzie, Niall"]
[Black "Thomas, Jeremy"]
[Result "1-0"]
[WhiteElo "1667"]
[BlackElo "1723"]
[Annotator "Ralph Dubisch"]
[PlyCount "111"]
[EventDate "2023.05.13"]
[EventType "swiss"]
[EventRounds "5"]
[EventCountry "USA"]

1. e4 e5 2. Nf3 Nc6 3. Bc4 Bc5 4. O-O Nf6 5. d3 O-O 6. Bg5 h6 7. Bh4 Be7 8. c3
d6 9. Re1 Be6 ({Black offers to allow doubled e-pawns to alleviate the
pressure from the c4-bishop.^^There are dozens of subtleties in these "quiet"
Italian openings. Should Black play} 9... g5 {, here or perhaps back on move
7? Do the a-pawns advance, and if so, one or two squares? Should Black remove
the c4-bishop with ...Na5? Is it bad to allow doubled f-pawns, after something
like Bg5/Nc3/Nd5/xf6, or does the open g-file give Black attacking chances?
Does White end up retreating the bishop from c4 back to c2, or allow it to be
exchanged? Does White pin with Bg5? When challenged, retreat to h4 and g3?
Which side advances the d-pawn into the center?}) 10. Bb3 ({White should
seriously consider} 10. Bxe6 fxe6 11. d4 $14 {.}) 10... Bg4 {Black took a
weird little stutter-step en route to the g4-pin, but it''s hard to describe
it as a simple loss of time as White also spent a move retreating the
c4-bishop.} 11. Nbd2 a6 12. Qc2 $6 ({Cuts off the bishop's natural retreat and
prematurely commits the queen to a square that isn't clearly ideal.} 12. h3 Bh5
13. g4 Bg6 14. Bg3 $14) 12... Nd7 (12... Nh5) 13. Bxe7 Qxe7 14. d4 Na5 15. Qd3
Bxf3 16. Nxf3 Nxb3 17. axb3 c6 18. b4 exd4 $6 (18... Rfe8 {remains roughly
balanced. White seems to have a little more space, but Black has comfortable
capacity after the previous exchanges.}) 19. Nxd4 g6 20. Qe3 Kh7 21. f4 $5 c5
$6 22. bxc5 dxc5 $6 (22... Nxc5 23. b4 Ne6 24. Rad1 $14) 23. Nf3 b6 $6 $16 {
Black has created a number of small weaknesses in his position, and his king
is slightly less safe. White's pieces are well-coordinated.} 24. Red1 $6 (24.
e5 $16) 24... a5 25. e5 Rfd8 26. Rd2 $6 ({Doubling the rooks is likely to lead
to exchanging all of them on the d-file, which tends to reduce White's ability
to pressure weaknesses and advance pawns.} 26. h3 Nf8 27. Nd2 f5 28. Nc4) (26.
f5 $5) 26... Nf8 27. Rad1 Ne6 $6 (27... b5) (27... Rxd2 28. Nxd2 (28. Rxd2 $6
Rd8) 28... Rd8 29. Re1 f5 30. Nc4 Ne6 $14 31. Nxb6 $6 Qb7 32. Nc4 Qb5) 28. Rd6
$1 Ra7 $2 (28... Nd4 $5 29. Qd3 $1 Nxf3+ 30. Qxf3 $16) 29. Qe4 (29. f5 $1 gxf5
30. Qd3 $16) 29... Rad7 30. f5 Rxd6 $4 (30... Nf8 $16) 31. Rxd6 $2 (31. exd6 $1
Rxd6 32. Rxd6 Qxd6 33. fxe6 $18) 31... gxf5 32. Qxf5+ Kg8 33. Qd3 Kf8 $2 (33...
b5 $13) 34. Qh7 $1 Ke8 35. Rxd8+ $2 ({Much better:} 35. Rxb6 $16) ({Also
interesting:} 35. Qg8+ Qf8 (35... Nf8 $2 36. Rxh6 Rd1+ 37. Kf2 b5 38. Ra6 $18 {
Black has nothing going on, and the white h-pawn plans a run to promotion.})
36. Rxe6+ $5 (36. Qxf8+ Kxf8 37. Rxb6 $14) 36... fxe6 37. Qxe6+ Qe7 38. Qxb6
$14) 35... Qxd8 36. Qxh6 Qd1+ 37. Kf2 b5 38. Qd2 Qb3 39. h4 Qc4 (39... b4) 40.
g3 (40. h5) 40... Ng7 $4 (40... b4 41. h5 {, according to Stockfish. Still a
battle.}) 41. h5 $6 (41. Ng5 $1) 41... Qg4 $2 ({Black trusts his opponent.
White's idea was that after} 41... Nxh5 42. Qg5 {scoops the knight. However}
Qb3 43. Qxh5 Qxb2+ 44. Kg1 Qxc3 $14 {and it is not clear how White will
convert the extra piece into a full point.}) 42. h6 $2 (42. Qd3 c4 43. Qd4 $16)
42... Nf5 43. Qg5 Qxg5 44. Nxg5 Nxh6 45. Kf3 Ke7 46. Ne4 c4 (46... Ke6 47.
Nxc5+ (47. Kf4 c4 48. Nd6 f6 $1) 47... Kxe5 48. Nb3 a4 49. Nd4 b4 (49... Kd5
50. Nxb5 Kc4 51. Nd4 Kd3 52. Kf4 f6) 50. Nc6+ Kd5 51. Nxb4+ Kc4 {Perhaps
surprisingly, all of these endings are drawn even with the extra white pawn,
due to the activity of the black king and the reduced material.} 52. Kf4 f6 53.
Ke4 (53. g4 Nf7 54. Kf5 Nh6+) 53... Nf7 54. Kf5 Nd6+ 55. Kxf6 Ne4+ 56. Ke6 Nxg3
) 47. Nd6 f6 $4 (47... Ke6 48. Ke4 $14) 48. Nxb5 fxe5 $2 (48... Nf7 49. exf6+
Kxf6 50. Ke4 Ne5 51. Nd6 Ke6 52. Nb7 Nd3 53. Nxa5 Nxb2 54. Kd4 {should also be
a technical win for White.}) 49. Na3 Ke6 50. Nxc4 a4 51. Nb6 a3 52. bxa3 Kd6
53. Ke4 Kc5 54. Nd7+ Kc4 55. a4 Nf7 56. Nxe5+ 1-0

[Event "Idaho Open"]
[Site "Pocatello, ID"]
[Date "2023.05.13"]
[Round "4"]
[White "Morrow, Hans"]
[Black "McKenzie, Niall"]
[Result "0-1"]
[WhiteElo "1900"]
[BlackElo "1667"]
[Annotator "Ralph Dubisch"]
[PlyCount "100"]
[EventDate "2023.05.13"]
[EventType "swiss"]
[EventRounds "5"]
[EventCountry "USA"]

1. c4 Nf6 2. Nc3 e6 3. g3 ({Three other moves are more popular and likely
better:} 3. Nf3) (3. e4) (3. d4) 3... d5 4. cxd5 exd5 5. d4 {Otherwise Black
will gain space with ...d4.} Bd6 6. Bg2 c6 7. Nf3 O-O 8. Bg5 h6 (8... Nbd7 9.
O-O h6 $15) 9. Bd2 (9. Bxf6 Qxf6 10. O-O Re8 11. Re1 {White will achieve e2-e4
with activity to compensate for the bishop-pair and the slight weakness of d4.}
) 9... Bf5 10. O-O Re8 11. Re1 $6 {White is now quite unlikely to be able to
force e2-e4.} (11. Bf4 $5) 11... Nbd7 12. Nh4 Bh7 13. e3 Ne4 ({Black can
approach this position more slowly, systematically improving his pieces and
gaining space before commiting to central action.} 13... a5 14. Bh3 b5 15. Bf5
Bxf5 16. Nxf5 Bf8 $15 {The d2-bishop is the worst piece on the board.}) 14.
Bxe4 $2 (14. Bh3 $15) 14... Bxe4 $2 (14... dxe4 $17 {White's bishop and
h4-knight are inferior.}) 15. Nxe4 Rxe4 $6 (15... dxe4) 16. Nf3 Qf6 17. Kg2 Qg6
18. Bc3 h5 19. Nd2 $6 (19. Qc2 Rae8 20. Nd2 R4e6 21. Qxg6 Rxg6 22. e4) 19...
Re6 20. Qe2 $2 (20. Qb1 $15) 20... Rae8 21. Rac1 h4 22. a3 Nf6 23. b4 $2 (23.
Bb4 Bc7) 23... Ne4 $2 (23... Nh5 $1 {targets the g3-square and threatens ...
Nf4+.}) 24. Nxe4 Rxe4 ({Or} 24... Qxe4+ 25. f3 Qh7 26. Qc2 Qh6 {and White is
in deep trouble.}) 25. Qd3 Qg5 (25... Qf5 26. f3 $2 hxg3 27. hxg3 Bxg3 $19) 26.
Bd2 hxg3 $2 (26... R8e6 {builds the attack, as the rook sacrifice after} 27. f3
hxg3 28. fxe4 gxh2+ 29. Kh1 Rg6 {is sound.} 30. Qe2 Qh4 31. Qf3 Rg3 $19) 27.
hxg3 R8e6 $2 (27... Rg4 $17) 28. Rh1 Rg6 29. Rh3 Rh6 30. Rch1 Rxh3 31. Rxh3 {
The Black attack has dissipated largely due to the premature opening of the
h-file.} Qg6 32. f3 Re6 33. Qxg6 Rxg6 34. f4 f5 35. Rh5 Rf6 36. Kf3 g6 37. Rg5
$4 ({So the game is finallly determined by a blunder, self-entombing the rook.
} 37. Rh1 {is quite equal.}) 37... Bf8 38. a4 Bh6 39. a5 Bxg5 40. fxg5 Rf7 41.
Kf4 Re7 42. b5 cxb5 43. Bb4 Re4+ 44. Kf3 Kf7 45. Bc5 b6 46. axb6 axb6 47. Bxb6
b4 48. Bc5 b3 49. Ba3 Re6 50. Bb2 Rc6 0-1

[Event "Washington Open"]
[Site "Redmond, WA"]
[Date "2023.05.27"]
[Round "2"]
[White "Murray, David"]
[Black "Jones, Davey"]
[Result "1-0"]
[WhiteElo "1824"]
[BlackElo "1691"]
[Annotator "Ralph Dubisch"]
[PlyCount "65"]
[EventDate "2023.05.27"]
[EventType "swiss"]
[EventRounds "6"]
[EventCountry "USA"]

1. d4 Nf6 2. Nf3 g6 3. Nc3 $5 (3. c4 Bg7 4. Nc3) 3... d5 4. Bf4 Bg7 5. Nb5 (5.
e3 O-O 6. Be2 c5 7. Ne5) 5... Na6 6. e3 O-O 7. h3 c6 8. Nc3 Nc7 9. Bd3 Ne6 10.
Be5 c5 11. O-O b6 12. b3 Bb7 13. Na4 Rc8 14. Qe2 $6 (14. dxc5 bxc5 15. c4 $5)
14... Ne4 (14... c4 $5 15. bxc4 dxc4 16. Bxc4 Bxf3 17. gxf3 Rxc4 $5 18. Qxc4
Qd7 19. Nc3 (19. Bxf6 Bxf6 20. Nc3 Ng5) 19... Rc8 20. Qd3 Ng5 21. Bxf6 {
and now, for example,} Rxc3 22. Qxc3 Bxf6 23. f4 Qxh3 24. fxg5 Qg4+ {with
perpetual check.}) (14... cxd4 15. Nxd4 (15. exd4 Bh6 $15 {White's offside
knight is a problem.}) 15... Nc5 16. Nxc5 bxc5 17. Nf3 c4 18. bxc4 dxc4 19.
Bxc4 Bxf3 20. gxf3 Rc5 {, and Black has definite compensation for the pawn and
bishop pair.}) 15. Bxg7 Kxg7 16. c4 cxd4 17. cxd5 $6 (17. Nxd4 dxc4 ({or} 17...
Nxd4 18. exd4 Bc6) 18. Nxe6+ fxe6 $13) 17... Bxd5 (17... Qxd5 18. Bc4 Qf5 $15)
18. Nxd4 Nxd4 19. Qb2 $2 ({Perhaps a bit too fancy. Simply recapturing with} 
19. exd4 Nf6 $15 {does leave White defending the IQP position, though.}) 19...
f6 $2 (19... e5 $1 20. exd4 Qg5 $1 $17 {and suddenly Black is developing a
serious kingside initiative.}) 20. exd4 Qd7 21. Rfe1 Ng5 22. Re3 Rc7 $6 (22...
Ne6 $13 {eyes f4.}) 23. Rae1 e6 24. Nc3 Bc6 25. h4 Nf7 26. Ne4 $6 (26. Ne2 $14
{with better coordination.}) 26... Qd5 $4 (26... Bxe4 {removes White's most
threatening piece.}) 27. Bc4 Qd7 (27... Qd8 28. Nxf6 $1 Bxg2 (28... Qxf6 29.
Rxe6 {and 30.d5+ to follow.}) (28... b5 29. Rxe6 bxc4 (29... Nh6 30. d5 Rxf6
31. Rxf6 Qxf6 32. Qxf6+ Kxf6 33. Re6+ Kg7 34. Rxc6) 30. d5 Kh6 31. dxc6) 29.
Nh5+ gxh5 30. Rg3+ Kh8 31. Kxg2) 28. Nxf6 Kxf6 29. Rxe6+ (29. d5+ {is
similarly decisive.}) 29... Kg7 30. d5+ Kg8 31. dxc6 Rxc6 32. Re7 Qf5 33. Rxf7
$1 {Although Stockfish prefers continued queen maneuvers with 33.Qd4, the
capture on f7 wins the queen or checkmates, delivering instant clarity.} 1-0